| 000 | 01550cam a22003858a 4500 | ||
|---|---|---|---|
| 001 | 14779616 | ||
| 005 | 20100216085011.0 | ||
| 008 | 070322s2007 nyu b 001 0 eng | ||
| 010 | _a 2007012391 | ||
| 020 | _a0415437806 | ||
| 020 | _a0415437814 | ||
| 020 | _a0203934849 ,(ebk) | ||
| 020 | _a9780415437806 (hbk) | ||
| 020 | _a9780415437813 (pbk) | ||
| 020 | _a9780203934845 (ebk) | ||
| 040 |
_aDLC _cDLC _dDLC |
||
| 043 | _ae------ | ||
| 050 | 0 | 0 |
_aBP173.7 _b.T563 2007 |
| 082 | 0 | 0 |
_222 _a320.557094 _bTIB |
| 100 | 1 |
_aTibi, Bassam. _912784 |
|
| 245 | 1 | 0 |
_aPolitical Islam, World Politics, and Europe : _cBassam Tibi. _bDemocratic Peace and Euro- Islam Versus Global Jihad / |
| 260 |
_aLondon : _bRoutledge, _cc2008. |
||
| 263 | _a0711 | ||
| 300 |
_axxii, 311 p.: _c24 cm. |
||
| 504 | _aIncludes bibliographical references and index. | ||
| 650 | 0 |
_aIslam and politics. _912785 |
|
| 650 | 0 |
_aIslamic fundamentalism. _912786 |
|
| 650 | 0 |
_aIslam _zEurope. _912787 |
|
| 650 | 0 |
_aMuslims _zEurope _xPolitics and government. _912788 |
|
| 856 | 4 | 1 |
_3Table of contents only _uhttp://www.loc.gov/catdir/toc/ecip0713/2007012391.html |
| 856 | 4 | 2 |
_3Publisher description _uhttp://www.loc.gov/catdir/enhancements/fy0731/2007012391-d.html |
| 942 |
_2ddc _cBB |
||
| 999 |
_c13703 _d13703 |
||